Beyond luck and survival / (Record no. 11216)
[ view plain ]
| 000 -LEADER | |
|---|---|
| fixed length control field | 00738nam a22002417a 4500 |
| 008 - FIXED-LENGTH DATA ELEMENTS--GENERAL INFORMATION | |
| fixed length control field | 230515b |||||||| |||| 00| 0 eng d |
| 017 ## - LEGAL DEPOSIT NUMBER | |
| Legal deposit number | LD.7319 |
| 018 ## - LEGAL DEPOSIT YEAR | |
| LDD Year | 2022 |
| 020 ## - INTERNATIONAL STANDARD BOOK NUMBER | |
| ISBN | 97897856251 |
| 040 ## - CATALOGING SOURCE | |
| Original cataloging agency | NLN |
| Language of cataloging | English |
| Description conventions | AACR2 |
| 100 ## - MAIN ENTRY--AUTHOR | |
| Author | ADEOTI, Moses L. |
| Relator term | aut |
| 245 ## - TITLE STATEMENT | |
| Title | Beyond luck and survival / |
| Statement of responsibility, etc | Moses Layiwola Adeoti |
| 260 ## - PUBLICATION, DISTRIBUTION, ETC. (IMPRINT) | |
| Place of publication | Ibadan, Oyo State (P. O. Box 12668) : |
| Name of publisher | Daily Graphics Nigeria, |
| Date of publication | 2019. |
| 300 ## - COLLATION | |
| Pagination | xii, 158p. : |
| Other physical details | ports. ; 21cm. |
| 500 ## - GENERAL NOTE | |
| General note | Bibliography p.153-158 |
| 563 ## - BINDING INFORMATION | |
| Binding note | (pbk) |
| 650 ## - TRACINGS | |
| Main Subject | Adeoti, Moses Layiwola, 1940- |
| 650 ## - TRACINGS | |
| Main Subject | Physician |
| Subdivision (1st) | Nigeria |
| Subdivision (2nd) | Biography |
| 942 ## - ADDED ENTRY ELEMENTS (KOHA) | |
| Item type | Books |
| Suppress in OPAC | No |
| 050 ## - LIBRARY OF CONGRESS CALL NUMBER | |
| Classification number | DT515.83.A232 |
| Item number | A3 |
| 082 ## - DEWEY DECIMAL CLASSIFICATION NUMBER | |
| Classification number | 926.10 |
| Source of classification or shelving scheme | Not for loan | Home library | Current library | Date acquired | Mode of acquisition | Accession No. | Full call number | Barcode. | Copy number | Koha item type |
|---|---|---|---|---|---|---|---|---|---|---|
| Library of Congress Classification | ABUJA LIBRARY BRANCH | National Library of Nigeria | 15/05/2023 | Legal deposit | 419535 | DT515.83.A232A3 A232 | 419535 | 1 | Books | |
| Library of Congress Classification | IBADAN BRANCH LIBRARY | National Library of Nigeria | 15/05/2023 | Legal deposit | 419534 | DT515.83.A232A3 A232 | 419534 | 1 | Books |
